|
|
|
|
| LEADER |
00000nam0a2200000 4500 |
| 001 |
293651 |
| 005 |
20231102000620.0 |
| 020 |
|
|
|a RU
|b 83-28515
|
| 035 |
|
|
|a (RuTPU)RU\TPU\book\318691
|
| 090 |
|
|
|a 293651
|
| 100 |
|
|
|a 20150505d1983 m y0rusy5003 ca
|
| 101 |
0 |
|
|a rus
|
| 102 |
|
|
|a RU
|
| 105 |
|
|
|a y a 000zy
|
| 200 |
1 |
|
|a Подвигу жить в веках. К 40-летию Победы советского народа в Великой Отечественной войне
|e методические рекомендации
|f Государственная библиотека СССР им. В.И. Ленина ; сост. О. И. Малинина
|
| 210 |
|
|
|a Москва
|c Изд-во ГБЛ
|d 1983
|
| 215 |
|
|
|a 40 с.
|
| 606 |
1 |
|
|a Библиотеки
|x Работа по военно-патриотическому воспитанию
|2 stltpush
|3 (RuTPU)RU\TPU\subj\28595
|9 52112
|
| 610 |
1 |
|
|a Великая Отечественная война 1941-1945 гг.
|
| 610 |
1 |
|
|a библиотеки
|
| 610 |
1 |
|
|a патриотическое воспитание
|
| 610 |
1 |
|
|a методические рекомендации
|
| 610 |
1 |
|
|a библиографические обзоры
|
| 610 |
1 |
|
|a библиографические указатели
|
| 686 |
|
|
|a Ч735.113.33
|v LBC/SL-A
|2 rubbk
|
| 702 |
|
1 |
|a Малинина
|b О. И.
|4 220
|
| 712 |
0 |
2 |
|a Государственная библиотека СССР им. В.И. Ленина
|2 stltpush
|3 (RuTPU)RU\TPU\col\6015
|9 24199
|
| 801 |
|
0 |
|a RU
|b RuMRKP
|c 19950704
|g psbo
|
| 801 |
|
1 |
|a RU
|b 63413507
|c 20150505
|
| 801 |
|
2 |
|a RU
|b 63413507
|c 20170720
|g RCR
|
| 942 |
|
|
|c BK
|